| 000 | 02698fam a2200337 a 4500 | ||
|---|---|---|---|
| 001 | 1698206 | ||
| 003 | ARRUPE | ||
| 005 | 20131220134932.0 | ||
| 008 | 950222s1995 njua b 001 0 eng | ||
| 010 | _a 95008025 | ||
| 020 | _a0805816135 (alk. paper) | ||
| 020 | _a0805816143 (pbk. : alk. paper) | ||
| 035 | _a(OCoLC)32199730 | ||
| 035 | _a(OCoLC)ocm32199730 | ||
| 035 | _a(NNC)1698206 | ||
| 040 |
_aDLC _cDLC _dNNC _dOrLoB |
||
| 050 | 0 | 0 |
_aBF441. _bW46 1995 |
| 082 | 0 | 0 |
_a153.4 _220 |
| 245 | 0 | 0 |
_aWhat might have been : _bthe social psychology of counterfactual thinking / _cedited by Neal J. Roese and James M. Olson. |
| 260 |
_aMahwah, N.J. : _bLawrence Erlbaum, _c1995. |
||
| 263 | _a9508 | ||
| 300 |
_axi, 408 p. : _bill. ; _c24 cm. |
||
| 504 | _aIncludes bibliographical references and index. | ||
| 505 | 0 | 0 |
_g1. _tCounterfactual Thinking: A Critical Overview / _rNeal J. Roese and James M. Olson -- _g2. _tCounterfactual Constraints / _rEric P. Seelau, Sheila M. Seelau, Gary L. Wells and Paul D. Windschitl -- _g3. _tIndividual Differences in Counterfactual Thinking / _rMargaret Kasimatis and Gary L. Wells -- _g4. _tComparison Processes in Counterfactual Thought / _rDavid Dunning and Scott F. Madey -- _g5. _tLiving in Neither the Best Nor Worst of All Possible Worlds: Antecedents and Consequences of Upward and Downward Counterfactual Thinking / _rMatthew N. McMullen, Keith D. Markman and Igor Gavanski -- _g6. _tFunctions of Counterfactual Thinking / _rNeal J. Roese and James M. Olson -- _g7. _tDysfunctional Implications of Counterfactual Thinking: When Alternatives to Reality Fail Us / _rSteven J. Sherman and Allen R. McConnell -- _g8. _tThrough a Glass Darkly: Worldviews, Counterfactual Thought, and Emotion / _rJanet Landman -- |
| 505 | 8 | 0 |
_g9. _tSome Counterfactual Determinants of Satisfaction and Regret / _rThomas Gilovich and Victoria Husted Medvec -- _g10. _tWith an Eye Toward the Future: The Impact of Counterfactual Thinking on Affect, Attitudes, and Behavior / _rFaith Gleicher, David S. Boninger, Alan Strathman, David Armor, John Hetts and Mina Ahn -- _g11. _tCounterfactual Thought, Regret, and Superstition: How to Avoid Kicking Yourself / _rDale T. Miller and Brian R. Taylor -- _g12. _tCounterfactual and Contrastive Reasoning in Explanations for Performance: Implications for Gender Bias / _rAnn L. McGill and Jill G. Klein -- _g13. _tCounterfactual Thinking and Coping With Traumatic Life Events / _rChristopher G. Davis and Darrin R. Lehman -- _g14. _tVarieties of Counterfactual Thinking / _rDaniel Kahneman. |
| 650 | 0 |
_aThought and thinking. _96272 |
|
| 700 | 1 |
_aRoese, Neal J. _96273 |
|
| 700 | 1 |
_aOlson, James N. _96274 |
|
| 900 | _bTOC | ||
| 942 |
_2lcc _cMONOGRAPH |
||
| 999 |
_c119439 _d119439 |
||